Most Polluted Rivers In The World - Statistics

General Stats
  • This quiz has been taken 53 times
  • The average score is 4 of 10
Answer Stats
Length Answer % Correct
2,525 km Ganges
91%
6,300 km Yangtze
77%
5,464 km Yellow
73%
3,180 km Indus
64%
3,778 km Mississippi
52%
4,180 km Niger
30%
18 km Buriganga
5%
24 km Sarno
5%
270 km Citarum
2%
n/a Marilao
2%
No matching quizzes found
Score Distribution
Percent of People with Each Score
Percentile by Number Answered
Your Score History
You have not taken this quiz